[Event "DSOL 02 Liga Gr-C 1st"]
[Site "Playchess.com INT"]
[Date "2020.08.12"]
[Round "2.4"]
[White "Schuelke, Tilman"]
[Black "Cording, Thomas"]
[Result "1/2-1/2"]
[WhiteElo "1835"]
[BlackElo "1955"]
[PlyCount "71"]
[EventDate "2020.06.22"]
[EventType "team-tourn (rapid)"]
[EventCountry "GER"]
[SourceTitle "EXT 2021"]
[Source "ChessBase"]
[SourceDate "2020.10.23"]
[SourceVersion "1"]
[SourceVersionDate "2020.10.23"]
[SourceQuality "1"]
[WhiteTeam "Pfullingen"]
[BlackTeam "Grosshansdorf"]
[WhiteTeamCountry "GER"]
[BlackTeamCountry "GER"]

1. d4 b6 2. Bf4 Bb7 3. e3 e6 4. Nf3 Nf6 5. h3 d5 6. Nbd2 Bd6 7. Bxd6 cxd6 8. Be2 0-0 9. 0-0 Ba6 10. Bxa6 Nxa6 11. c3 Qd7 12. a4 Nb8 13. Qe2 Nc6 14. Rfb1 Rfc8 15. Ne1 e5 16. Nef3 e4 17. Ne1 Na5 18. Nc2 Nc4 19. Nb4 Nxd2 20. Qxd2 a5 21. Nc2 b5 22. axb5 Qxb5 23. Na3 Qa6 24. Rc1 Nd7 25. Rc2 Nb6 26. Qe2 Nc4 27. Nxc4 Qxc4 28. Qxc4 dxc4 29. Ra2 Rcb8 30. Rc1 d5 31. Rca1 Rb5 32. g3 Kf8 33. Kg2 Ke7 34. f3 f5 35. fxe4 fxe4 36. Rf1 1/2-1/2

[Event "Dortmund Sparkassen op-B 47th"]
[Site "Dortmund"]
[Date "2019.07.20"]
[Round "8"]
[White "Slusarski, David"]
[Black "Schuelke, Tilman"]
[Result "1-0"]
[WhiteElo "1604"]
[BlackElo "1780"]
[PlyCount "127"]
[EventDate "2019.07.13"]
[EventType "swiss"]
[EventRounds "9"]
[EventCountry "GER"]
[SourceTitle "CBM 192 Extra"]
[Source "Chessbase"]
[SourceDate "2019.11.06"]
[SourceVersion "1"]
[SourceVersionDate "2019.11.06"]
[SourceQuality "1"]

1. e4 d6 2. d4 g6 3. Nc3 Bg7 4. f4 c6 5. Nf3 d5 6. e5 h5 7. Bd3 Nh6 8. 0-0 Bg4 9. h3 Bxf3 10. Qxf3 e6 11. Be3 h4 12. Rae1 Nf5 13. Bf2 Bf8 14. Nd1 Be7 15. c3 Nd7 16. Ne3 Nf8 17. Rc1 Qb6 18. Qe2 Rd8 19. Rfd1 Nd7 20. Kh1 c5 21. Nxf5 gxf5 22. c4 dxc4 23. Bxc4 cxd4 24. Bxd4 Bc5 25. Bxc5 Nxc5 26. Rxd8+ Kxd8 27. Rd1+ Kc7 28. Qe3 Kb8 29. Kg1 Rg8 30. Qd4 a6 31. Qd6+ Qxd6 32. Rxd6 Kc7 33. Be2 Re8 34. Bf3 a5 35. Rd1 Re7 36. g3 hxg3 37. Kg2 Re8 38. Kxg3 Rh8 39. h4 b6 40. h5 Ne4+ 41. Bxe4 fxe4 42. Kh4 Kc6 43. Rd4 e3 44. Re4 Kd5 45. Rxe3 Kd4 46. Re1 b5 47. Rh1 Ke4 48. Kg5 Rh7 49. h6 Ke3 50. Rd1 Ke4 51. Rd8 Rxh6 52. Kxh6 Kxf4 53. Rf8 Kxe5 54. Rxf7 Kd4 55. Kg5 Kd3 56. Rc7 Kd4 57. Kf4 e5+ 58. Kf3 Kd3 59. b3 e4+ 60. Kf2 Kd2 61. Rd7+ Kc3 62. Ke3 a4 63. bxa4 bxa4 64. Kxe4 1-0

[Event "Dortmund Sparkassen op-A 45th"]
[Site "Dortmund"]
[Date "2017.07.21"]
[Round "7"]
[White "Schuelke, Tilman"]
[Black "Sondermann, Dirk"]
[Result "1-0"]
[WhiteElo "1973"]
[BlackElo "2041"]
[PlyCount "121"]
[EventDate "2017.07.15"]
[EventType "swiss"]
[EventRounds "9"]
[EventCountry "GER"]
[SourceTitle "CBM 179 Extra"]
[Source "ChessBase"]
[SourceDate "2017.08.23"]
[SourceVersion "1"]
[SourceVersionDate "2017.08.23"]
[SourceQuality "1"]

1. d4 Nf6 2. c3 g6 3. Bf4 Bg7 4. h3 d6 5. Nf3 0-0 6. e3 Nbd7 7. Be2 Qe8 8. 0-0 e5 9. Bh2 Qe7 10. a4 Ne4 11. Nfd2 Nxd2 12. Qxd2 Re8 13. Na3 a5 14. Rfe1 Nb6 15. Nc2 Be6 16. Ra3 Bc4 17. b3 Bxe2 18. Rxe2 c5 19. Qd3 Qc7 20. Re1 Rec8 21. c4 Re8 22. Rd1 Rad8 23. d5 e4 24. Qd2 Nd7 25. Ra2 Qb6 26. Rb1 Ne5 27. Bxe5 Bxe5 28. Ne1 f5 29. f4 exf3 30. Nxf3 Bf6 31. Kf2 Re4 32. Qc2 Rde8 33. Re1 Qd8 34. Qd3 Bg7 35. g3 Qf6 36. Rae2 g5 37. Kg2 g4 38. Nh4 gxh3+ 39. Kh2 Qg5 40. Nf3 Qg4 41. Nd2 R4e7 42. Rf2 Be5 43. Rg1 Rf7 44. Qf1 Bg7 45. Rf4 Rxe3 46. Nf3 Qh5 47. Nh4 Qe2+ 48. Qxe2 Rxe2+ 49. Kxh3 Be5 50. Rf3 Rb2 51. Nxf5 Rf6 52. Rgf1 Kh8 53. R1f2 Rxf2 54. Rxf2 Kg8 55. g4 Rf8 56. g5 Bg7 57. Kg4 Be5 58. Rh2 Rd8 59. Rh6 Rd7 60. Re6 Kh8 61. Re8# 1-0

[Event "Dortmund Sparkassen op-A 45th"]
[Site "Dortmund"]
[Date "2017.07.16"]
[Round "2"]
[White "Schuelke, Tilman"]
[Black "Henrichs, Thomas"]
[Result "0-1"]
[WhiteElo "1973"]
[BlackElo "2491"]
[PlyCount "70"]
[EventDate "2017.07.15"]
[EventType "swiss"]
[EventRounds "9"]
[EventCountry "GER"]
[SourceTitle "CBM 179 Extra"]
[Source "ChessBase"]
[SourceDate "2017.08.23"]
[SourceVersion "1"]
[SourceVersionDate "2017.08.23"]
[SourceQuality "1"]

1. d4 Nf6 2. c3 g6 3. Bf4 Bg7 4. h3 d6 5. Nf3 0-0 6. e3 Nfd7 7. Bc4 e5 8. Bh2 Nc6 9. Nbd2 Qe7 10. 0-0 Kh8 11. b4 f5 12. Nb3 Nd8 13. Nfd2 Nb6 14. Re1 Nxc4 15. Nxc4 Be6 16. Ncd2 Nf7 17. Rc1 b6 18. c4 c5 19. bxc5 dxc5 20. dxc5 bxc5 21. Qe2 Rab8 22. e4 f4 23. f3 g5 24. Nb1 h5 25. Nc3 g4 26. hxg4 hxg4 27. fxg4 Rbc8 28. Nd5 Qg5 29. Nd2 Bxg4 30. Nf3 Qh5 31. Qf2 Rc6 32. Kf1 Ng5 33. Rc3 Rb8 34. Bg1 Nxf3 35. gxf3 Bh3+ 0-1

[Event "Muelheim op 3rd"]
[Site "Muelheim"]
[Date "2011.08.05"]
[Round "1"]
[White "Schuelke, Tilman"]
[Black "Dicks, Friedrich"]
[Result "1-0"]
[WhiteElo "2005"]
[BlackElo "1603"]
[PlyCount "49"]
[EventDate "2011.08.04"]
[EventType "swiss"]
[EventRounds "7"]
[EventCountry "GER"]
[SourceTitle "CBM 143 Extra"]
[Source "ChessBase"]
[SourceDate "2011.08.29"]
[SourceVersion "1"]
[SourceVersionDate "2011.08.29"]
[SourceQuality "1"]

1. g3 Nf6 2. Bg2 g6 3. Nf3 Bg7 4. d4 d6 5. h3 Nbd7 6. c4 c6 7. Nc3 Qc7 8. 0-0 a5 9. b3 0-0 10. e4 e5 11. d5 Nc5 12. Nd2 Nh5 13. Qe2 f5 14. exf5 Bxf5 15. Nde4 Nf6 16. Nxc5 dxc5 17. Ba3 Rfe8 18. dxc6 bxc6 19. Bxc5 Nd7 20. Ba3 e4 21. Qe3 Bxc3 22. Qxc3 Ne5 23. Bb2 Qg7 24. g4 Bd7 25. Rad1 1-0

[Event "Dortmund Sparkassen op-A"]
[Site "Dortmund"]
[Date "2010.07.23"]
[Round "7"]
[White "Hecht, Carsten"]
[Black "Schuelke, Tilman"]
[Result "1/2-1/2"]
[WhiteElo "1773"]
[BlackElo "2053"]
[PlyCount "177"]
[EventDate "2010.07.17"]
[EventType "swiss"]
[EventRounds "9"]
[EventCountry "GER"]
[SourceTitle "CBM 137 Extra"]
[Source "ChessBase"]
[SourceDate "2010.09.01"]
[SourceVersion "1"]
[SourceVersionDate "2010.09.01"]
[SourceQuality "1"]

1. e4 d6 2. d4 g6 3. c4 Bg7 4. Nc3 Nf6 5. Nf3 c6 6. Be2 a6 7. a4 a5 8. h3 0-0 9. Be3 Na6 10. Qd2 Nb4 11. 0-0 d5 12. cxd5 cxd5 13. e5 Ne8 14. Na2 Nxa2 15. Rxa2 Nc7 16. b4 axb4 17. Qxb4 Na6 18. Qb3 h6 19. Bd3 Nb8 20. Qc2 Nc6 21. Qd2 Qa5 22. Bxh6 Nb4 23. Bxg7 Kxg7 24. Ra3 Nxd3 25. Qxd3 b5 26. Rfa1 bxa4 27. Rxa4 Qxa4 28. Rxa4 Rxa4 29. Qb5 Ra1+ 30. Kh2 Ra7 31. Qxd5 Bf5 32. Qc5 Rd7 33. Qc1 Rfd8 34. Qf4 f6 35. Kg3 Bc2 36. exf6+ exf6 37. Qd2 Bb3 38. Qe3 Bd5 39. Ne1 Rb8 40. Kh2 Rb3 41. Qe8 Rdb7 42. Qd8 Be4 43. Qe8 Bf5 44. Nf3 g5 45. Qc6 R3b6 46. Qd5 Be6 47. Qe4 Rd7 48. Kg1 Rbd6 49. Qe3 Bd5 50. Nd2 Re6 51. Qd3 Re1+ 52. Kh2 Rde7 53. Nf1 Be4 54. Qc4 Ra1 55. Ne3 Raa7 56. d5 Rad7 57. Qc5 Kf7 58. Qc6 f5 59. Qh6 f4 60. d6 Re6 61. Qxg5 fxe3 62. Qxe3 Rdxd6 63. Qf4+ Ke8 64. Qg5 Kd7 65. Qg7+ Re7 66. Qg4+ Kc7 67. Qg5 Kd7 68. Qg4+ Rde6 69. Qd1+ Ke8 70. Qh5+ Bg6 71. Qh8+ Kf7 72. Qd4 Rf6 73. Qd5+ Kg7 74. f3 Re2 75. Qd7+ Kh6 76. Qg4 Rf5 77. Qh4+ Kg7 78. Qd4+ Rf6 79. Qd7+ Kh6 80. Qg4 Re5 81. Qh4+ Kg7 82. Qd4 Re7 83. Qc5 Rd7 84. Qb5 Bf5 85. Qc4 Rfd6 86. Qh4 Rg6 87. Qf4 Rf7 88. Qe5+ Kh7 89. Qd4 1/2-1/2

[Event "Dortmund Sparkassen op-A"]
[Site "Dortmund"]
[Date "2010.07.17"]
[Round "1"]
[White "Zaitsev, Mikhail"]
[Black "Schuelke, Tilman"]
[Result "1-0"]
[WhiteElo "2507"]
[BlackElo "2053"]
[PlyCount "73"]
[EventDate "2010.07.17"]
[EventType "swiss"]
[EventRounds "9"]
[EventCountry "GER"]
[SourceTitle "CBM 137 Extra"]
[Source "ChessBase"]
[SourceDate "2010.09.01"]
[SourceVersion "1"]
[SourceVersionDate "2010.09.01"]
[SourceQuality "1"]

1. e4 d5 2. exd5 Nf6 3. c4 e6 4. Nc3 exd5 5. cxd5 Be7 6. Bc4 0-0 7. Nf3 Nbd7 8. h3 Nb6 9. Bb3 Nbxd5 10. 0-0 a6 11. d4 Bf5 12. Re1 Nxc3 13. bxc3 h6 14. Ne5 Bd6 15. Qf3 Bc8 16. Bf4 Bxe5 17. Rxe5 Kh8 18. Rae1 c6 19. Bc1 Qd6 20. Re7 Ng8 21. Rxf7 Bd7 22. Qf4 Qxf4 23. Rxf4 Nf6 24. Rf3 Nd5 25. Rxf8+ Rxf8 26. c4 Nf6 27. Bf4 b5 28. Bd6 Ra8 29. Re7 Bf5 30. Be5 Bd3 31. cxb5 cxb5 32. d5 a5 33. d6 Rd8 34. Bxf6 gxf6 35. d7 Bg6 36. Bd5 b4 37. Bc6 1-0

[Event "Cologne Ford op"]
[Site "Cologne"]
[Date "2010.05.10"]
[Round "4"]
[White "Khanukov, Boris"]
[Black "Schuelke, Tilman"]
[Result "1-0"]
[WhiteElo "2245"]
[BlackElo "2001"]
[PlyCount "115"]
[EventDate "2010.04.19"]
[EventType "swiss"]
[EventRounds "7"]
[EventCountry "GER"]
[SourceTitle "EXT 2011"]
[Source "ChessBase"]
[SourceDate "2010.11.26"]
[SourceVersion "1"]
[SourceVersionDate "2010.11.26"]
[SourceQuality "1"]

1. d4 b5 2. e4 Bb7 3. f3 a6 4. Nh3 e6 5. Be3 Nf6 6. Nd2 Bb4 7. c3 Ba5 8. a4 c6 9. b4 Bc7 10. a5 d6 11. Be2 Nbd7 12. 0-0 Qe7 13. Nb3 Bb8 14. Nf2 h6 15. Qd2 Ba7 16. Nd3 Rd8 17. Rad1 Bb8 18. Rfe1 Rg8 19. Bf1 g5 20. Bf2 g4 21. Kh1 Nh5 22. Qxh6 g3 23. Qxh5 gxf2 24. Nxf2 Qf8 25. f4 Rh8 26. Qf3 c5 27. d5 cxb4 28. cxb4 Nf6 29. Ng4 Nxg4 30. Qxg4 Qh6 31. h3 exd5 32. exd5+ Kf8 33. Qf3 Ba7 34. Nd4 Bxd4 35. Rxd4 Qf6 36. Rd2 Rh4 37. g3 Rh8 38. Bg2 Rc8 39. Rde2 Rh6 40. Qe3 Rc7 41. Kh2 Kg7 42. g4 Rh8 43. g5 Qc3 44. f5 Qxe3 45. Rxe3 Rc2 46. Kg3 Rd2 47. Re8 Rf8 48. f6+ Kg8 49. h4 Bxd5 50. Rxf8+ Kxf8 51. Bxd5 Rxd5 52. Rc1 Kg8 53. Kg4 Rd4+ 54. Kh5 Rxb4 55. Rc8+ Kh7 56. Rf8 Rc4 57. Rxf7+ Kg8 58. Rd7 1-0

[Event "Cologne Ford op"]
[Site "Cologne"]
[Date "2010.05.03"]
[Round "3"]
[White "Schuelke, Tilman"]
[Black "Linke, Michael"]
[Result "1-0"]
[WhiteElo "2001"]
[BlackElo "1783"]
[PlyCount "151"]
[EventDate "2010.04.19"]
[EventType "swiss"]
[EventRounds "7"]
[EventCountry "GER"]
[SourceTitle "EXT 2011"]
[Source "ChessBase"]
[SourceDate "2010.11.26"]
[SourceVersion "1"]
[SourceVersionDate "2010.11.26"]
[SourceQuality "1"]

1. g3 d5 2. Bg2 Nf6 3. d3 e5 4. Nf3 Nc6 5. 0-0 Be7 6. c3 0-0 7. Qc2 Bg4 8. Nbd2 Qd7 9. b4 a6 10. a3 Bh3 11. Bb2 Bxg2 12. Kxg2 Rad8 13. Rac1 Rfe8 14. e4 dxe4 15. dxe4 Qd3 16. Qxd3 Rxd3 17. Rc2 Rdd8 18. Re1 Nd7 19. c4 f6 20. Nf1 Nf8 21. Ne3 Ne6 22. Nd5 Na7 23. c5 c6 24. Nb6 Rd3 25. Nc4 Nb5 26. Rd2 Rxd2 27. Nfxd2 Nbd4 28. Na5 Rb8 29. Ndc4 Bd8 30. Rd1 b6 31. cxb6 Bxb6 32. Nxb6 Rxb6 33. f4 g6 34. fxe5 fxe5 35. Rd2 Rb5 36. Bc3 c5 37. Nc4 cxb4 38. axb4 Kf8 39. Ra2 Ng5 40. Nxe5 Rxe5 41. Bxd4 Rxe4 42. Bc5+ Ke8 43. h4 Ne6 44. Rxa6 Nxc5 45. bxc5 Rc4 46. Ra8+ Ke7 47. Ra7+ Ke8 48. Rc7 Kd8 49. Rxh7 Rxc5 50. Rh6 g5 51. hxg5 Rxg5 52. Re6 Kd7 53. Re4 Kd6 54. Kh3 Rg8 55. g4 Kd5 56. Re1 Rh8+ 57. Kg3 Rg8 58. Re7 Kd6 59. Rf7 Ke6 60. Rf5 Rg7 61. Kh4 Rg8 62. Rg5 Rh8+ 63. Rh5 Rg8 64. Rh6+ Ke5 65. Kh5 Rg7 66. Ra6 Rh7+ 67. Kg6 Rh4 68. g5 Rg4 69. Rf6 Rg1 70. Rf2 Ke4 71. Kh6 Ke5 72. g6 Rh1+ 73. Kg7 Ke6 74. Re2+ Kf5 75. Kf7 Ra1 76. g7 1-0